00364 2200145 4500001002100000005001500021035002000036245004500056100002600101300001600127260002900143082001000172084001600182990002000198INLIS00000000000080020220708101157 a0010-07220000031 aLEGENDA JAKA TARUB :bDAN TUJUH BIDADARI0 aYUDHISTIRA IKRANEGARA a32 ;c20 cm aSurabaya :bCV DUA MEDIA a398.2 a398.2 YUD l a3056/BBTIV/2021